02394nam a2200229Ia 45000010005000000080041000050100009000460410014000550820020000692450182000892600013002713000007002845200007002916300029002986300025003276300023003526500030003757000026004057000038004317000036004695201659005051722241029s9999 xx 000 0 und d a1609 aEspañol aMA-ES 0012 2006 0aNivel de Aplicación de los Programas de las Universidades e Instituciones Estatales, con Relación a la Prevención del Deterioro de los Recursos Naturales de Santiago, 2005 aSantiago a92 a12 aInstituciones Educativas aPrograma de Estudios aRecursos Naturales aCiencias de la Naturaleza easesora Díaz, Luis eautora Espinal Collado, Ana M.  eautoraRodríguez, Luz María aEl objetivo principal de la presente investigación consiste, en determinar el Nivel de Aplicación de los Programas de la Universidades y las Instituciones Estatales, en la prevención del deterioro de los Recursos Naturales de Santiago, la misma busca sentar las bases para una eficaz presencia de las Instituciones de Educación Superior, en la solución de los problemas ambientales que más afectan a la Ciudad de Santiago.La población de estudios incluyó seis universidades del Municipio de Santiago, así como seis instituciones estatales que trabajan con los Recursos Naturales en Santiago. Se hizo un estudio de campo, en el que se aplicaron instrumentos como cuestionarios y entrevistas a los encargados de los departamentos de las instituciones señaladas, también se utilizo la revisión de bibliográfica, documental, análisis de texto, confección de esquemas, cuadros estadísticos y gráficos.La investigación realizada reveló que el principal problema que afecta a la Ciudad de Santiago, es el Vertedero de Rafey, para el cual se sugiere que las Universidades lo asuman y lo trabajen como un proyecto de intervención con fines de buscarle solución. Las instituciones estatales tienen actividades planificadas en un tiempo determinado y con un presupuesto para ello.Mientras que las Instituciones de Educación Superior, solo realizan actividades durante su periodo de clase y no poseen presupuesto asignado para su ejecución.Se sugiere que las universidades en coordinación con las Instituciones Estatales, elaboren proyectos orientados a darle solución a los problemas medio ambientes de la región.